(Re)interpretácia ľudovej architektúry a súčasný rodinný dom

Na minha lista:
Detalhes bibliográficos
Autor principal: Kasman, Peter (Author)
Outros Autores: Pohaničová, Jana (Thesis advisor)
Formato: Manuscrito Livro
Idioma:eslovaco
Publicado em: 2024
Assuntos:
Acesso em linha:http://is.stuba.sk/zp/portal_zp.pl?podrobnosti=145644
Tags: Adicionar Tag
Sem tags, seja o primeiro a adicionar uma tag!

MARC

LEADER 00000ntm a22000003a 4500
001 stuzp66106
003 SK-STU
005 20240608210213.0
007 ta
008 150427s2015----xo-----f-mn---000-0-slo-d
040 |a STU  |b slo 
041 0 |a slo 
100 1 |a Kasman, Peter  |u 053130  |k Z9  |4 aut  |U FAD Fakulta architektúry a dizajnu  |T FAD Ústav dejín a teórie architektúry a obnovy pamiatok  |X 29179  |U A3130  |Y 394  |7 A000029179 
242 0 1 |a (Re) interpretation of vernacular architecture and contemporary family house  |y eng 
245 1 0 |a (Re)interpretácia ľudovej architektúry a súčasný rodinný dom 
260 |c 2024 
650 4 |a ľudová architektúra  |2 slo 
650 4 |a (re)interpretácia  |2 slo 
650 4 |a rodinný dom  |2 slo 
650 4 |a vernacular architecture  |2 eng 
650 4 |a (re)interpretation  |2 eng 
650 4 |a family house  |2 eng 
700 1 |a Pohaničová, Jana  |u 053130  |k Z1  |4 ths  |U FAD Fakulta architektúry a dizajnu  |T FAD Ústav dejín a teórie architektúry a obnovy pamiatok  |X 390  |U A3130  |Y 394  |7 A000000390 
856 4 |u http://is.stuba.sk/zp/portal_zp.pl?podrobnosti=145644 
996 |c A* 13525/V  |l AAKNST  |s P  |a 0  |w stuzp66106_0001